Luyện thi Topik mới : Topik II Trình độ trung cấp và nâng cao 한국어능력시험 II 실전모의고사 : Các đề thi thử Topik II T.2

Wedi'i Gadw mewn:
Manylion Llyfryddiaeth
Awduron Eraill: Nhóm nghiên cứu giáo dục Hàn ngữ
Fformat: Llyfr
Iaith:Undetermined
Cyhoeddwyd: Tp. Hồ Chí Minh Tp. Hồ Chí Minh; Công ty Nhân Trí Việt 2017
Pynciau:
Mynediad Ar-lein:http://lrc.tdmu.edu.vn/opac/search/detail.asp?aID=2&ID=33251
Tagiau: Ychwanegu Tag
Dim Tagiau, Byddwch y cyntaf i dagio'r cofnod hwn!
Thư viện lưu trữ: Trung tâm Học liệu Trường Đại học Thủ Dầu Một
LEADER 00882nam a2200205Ia 4500
001 TDMU_33251
008 210410s9999 xx 000 0 und d
082 |a 959.704092 
090 |b L527 
245 0 |a Luyện thi Topik mới : Topik II Trình độ trung cấp và nâng cao 
245 0 |b í•œêµ­ì–´ëŠ¥ë ¥ì‹œí—˜ II 실전모의고사 : Các đề thi thử Topik II 
245 0 |n T.2 
260 |a Tp. Hồ Chí Minh 
260 |b Tp. Hồ Chí Minh; Công ty Nhân Trí Việt 
260 |c 2017 
300 |a 211p. 
650 |a Tiếng Hàn  |x Đề thi  |v Sách luyện thi 
700 |a Nhóm nghiên cứu giáo dục Hàn ngữ 
856 |u http://lrc.tdmu.edu.vn/opac/search/detail.asp?aID=2&ID=33251 
980 |a Trung tâm Học liệu Trường Đại học Thủ Dầu Một